LEADER 00894nam a2200229 i 4500 001 000000138689 003 CaOOAMICUS 005 20050509000000.0 008 050509s1981 it u000 u ita u 013 $a112644 040 $aSeMil$bita 100 1 $aDossi, Carlo,$d<1849-1910>.$0(OLS)http://semarc/name/47144 245 13$aLa desinenza in A /$cCarlo Dossi ; con una nota di Laura Barile. 260 $aMilano :$bGarzanti,$c1981. 300 $a270 p. ;$c22 cm. 500 $aContiene : Bibliografia delle opere ; Bibliografia della critica. 700 1 $aBarile, Laura.$0(OLS)http://semarc/name/41180 850 $aSeMil 852 $aSeMil$W1$xVenegono$y1$m1B IV 94$j92172$B92172$CSeMilBibl$Z2$F97289 $81 961 $aOmaggio: Poma mons. Gianfranco 996 $6245$aLa desinenza in A$9(OLS)http://semarc/title/202737 996 $6260$aMilano :$bGarzanti$9(OLS)http://semarc/publisher/29852 LEADER 00414nab a2200145 i 4500 001 000000261123 003 CaOOAMICUS 005 20180831164604.0 008 180831n xx uu u0 0und r 013 $a2049 040 $aSeMil$bita 245 10$a[vedi periodico]. 500 $aMAI 1991. 773 0 $tTables Générales 1991-1995.$dParis : Bayard, 1996.$w()137784 996 $6245$a[vedi periodico]$9(OLS)http://semarc/title/309439